000 00378nam a2200145Ia 4500
008 230917s9999||||xx |||||||||||||| ||und||
040 _e36255
_aMAIN
041 _aEnglish
082 _a954.01 A35H
100 _aAmar Chand
245 0 _aHastinapura: The glory of ancient India
260 _aBanaras
_bJain Culture Research Society
_c1952
300 _avii, 64 p.
942 _cBK
999 _c43347
_d43347